000
00338nam a2200145Ia 4500
008
230817s2022 xx 000 0 und d
041
_a
eng
082
_a
34534/DES
100
_a
DESAI S S
245
_a
INTERPRETATION OF STATUES
250
_a
1 Ed
260
_a
KOLHAPUR
_b
S S LAW PUB
_c
2022
300
_a
1-116p
700
_a
DESAI S S
999
_c
850523
_d
850523